00914 2200325 4500001002100000005001500021035002000036040001700056100002600073245004800099250001000147300003800157504002500195041000800220082001000228084001600238090001800254260003300272650001500305850001000320008004100330264003500371336002100406337003000427338002300457020001800480700004400498990002300542990002300565INLIS00000000000605020260419061613 a0010-0322000294 aSBPUPADbind0 aAbu AhmadiePengarang1 aIlmu Pendidikan /cAbu Ahmadi, Nur Uhbiyati aCet.2 aix, 310 hlm. :bilus. ;c14x20 cm aBibliografi, hal 3070 aind a370.7 a370.7 ABU i a370 ZAH d 6-8 a.--Bandung :bAngkasa,c1981 4aPendidikan aPUPAD260419 0  aJakarta :bRineka Cipta,c2003 2rdacontentaTeks 2rdamediaaTanpa Perantara 2rdacarrieravolume a979-518-174-2 aPengarang Ke-2, Nur UhbiyatiePengarang a13480/BR/KAPD/2010 a13479/BR/KAPD/2010